Endangered languages : (Record no. 1243)

000 -LEADER
fixed length control field 01625nam a22004337a 4500
001 - CONTROL NUMBER
control field 4000964
003 - CONTROL NUMBER IDENTIFIER
control field OSt
005 - DATE AND TIME OF LATEST TRANSACTION
control field 20210426101700.0
008 - FIXED-LENGTH DATA ELEMENTS--GENERAL INFORMATION
fixed length control field 961211s1998 enk b 001 0 eng
010 ## - LIBRARY OF CONGRESS CONTROL NUMBER
LC control number 96053430
020 ## - INTERNATIONAL STANDARD BOOK NUMBER
International Standard Book Number 0521591023
020 ## - INTERNATIONAL STANDARD BOOK NUMBER
International Standard Book Number 0521597129 (pbk.)
040 ## - CATALOGING SOURCE
Original cataloging agency DLC
Transcribing agency DLC
Modifying agency DLC
Language of cataloging eng
041 ## - LANGUAGE CODE
Language code of text/sound track or separate title eng
050 00 - LIBRARY OF CONGRESS CALL NUMBER
Classification number P40.5.L28
Item number E63 1998
080 ## - UNIVERSAL DECIMAL CLASSIFICATION NUMBER
Universal Decimal Classification number 811
Item number G-80
082 00 - DEWEY DECIMAL CLASSIFICATION NUMBER
Classification number 408/.9
Edition number 21
100 ## - MAIN ENTRY--PERSONAL NAME
9 (RLIN) 803
Personal name Grenoble, A. Lenore
Relator term Editor
245 00 - TITLE STATEMENT
Title Endangered languages :
Remainder of title language loss and community response /
Statement of responsibility, etc. / by: Cambridge University Press
260 ## - PUBLICATION, DISTRIBUTION, ETC.
Place of publication, distribution, etc. Cambridge [England] ;
-- New York
Name of publisher, distributor, etc. Cambridge University Press
Date of publication, distribution, etc. 1998.
300 ## - PHYSICAL DESCRIPTION
Extent xvi, 361 p. ill,
Dimensions 24 cm.
504 ## - BIBLIOGRAPHY, ETC. NOTE
Bibliography, etc. note Includes bibliographical references and (p. 329-347) indexes.
650 #0 - SUBJECT ADDED ENTRY--TOPICAL TERM
Topical term or geographic name entry element Language attrition.
650 #0 - SUBJECT ADDED ENTRY--TOPICAL TERM
Topical term or geographic name entry element Linguistics
9 (RLIN) 445
650 #0 - SUBJECT ADDED ENTRY--TOPICAL TERM
Topical term or geographic name entry element Language maintenance.
650 #0 - SUBJECT ADDED ENTRY--TOPICAL TERM
Topical term or geographic name entry element Linguistic change.
650 #0 - SUBJECT ADDED ENTRY--TOPICAL TERM
Topical term or geographic name entry element Linguistic minorities.
650 #0 - SUBJECT ADDED ENTRY--TOPICAL TERM
Topical term or geographic name entry element Sociolinguistics.
653 ## - INDEX TERM--UNCONTROLLED
Uncontrolled term ლინგვისტიკა
653 ## - INDEX TERM--UNCONTROLLED
Uncontrolled term ენის ცვლილება
653 ## - INDEX TERM--UNCONTROLLED
Uncontrolled term მცირე ენები
700 1# - ADDED ENTRY--PERSONAL NAME
Personal name Grenoble, Lenore A.
Relator term Editor
700 1# - ADDED ENTRY--PERSONAL NAME
Personal name Whaley, Lindsay J.
Relator term Editor
856 41 - ELECTRONIC LOCATION AND ACCESS
Materials specified Table of contents
Uniform Resource Identifier <a href="http://www.loc.gov/catdir/toc/cam023/96053430.html">http://www.loc.gov/catdir/toc/cam023/96053430.html</a>
856 42 - ELECTRONIC LOCATION AND ACCESS
Materials specified Publisher description
Uniform Resource Identifier <a href="http://www.loc.gov/catdir/description/cam028/96053430.html">http://www.loc.gov/catdir/description/cam028/96053430.html</a>
906 ## - LOCAL DATA ELEMENT F, LDF (RLIN)
a 7
b cbc
c orignew
d 1
e ocip
f 19
g y-gencatlg
942 ## - ADDED ENTRY ELEMENTS (KOHA)
Source of classification or shelving scheme
Koha item type Books
Holdings
Withdrawn status Lost status Source of classification or shelving scheme Damaged status Not for loan Permanent location Current location Date acquired Inventory number Total Checkouts Full call number Barcode Date last seen Price effective from Koha item type
          Ken Walker International University Ken Walker International University 02/08/2021 205   811 G-80 205 02/08/2021 02/08/2021 Books

Powered by Koha